<?xml version='1.0' encoding='UTF-8'?><?xml-stylesheet href='static/style.xsl' type='text/xsl'?><OAI-PMH xmlns="http://www.openarchives.org/OAI/2.0/" xmlns:xsi="http://www.w3.org/2001/XMLSchema-instance" xsi:schemaLocation="http://www.openarchives.org/OAI/2.0/ http://www.openarchives.org/OAI/2.0/OAI-PMH.xsd"><responseDate>2026-05-02T11:06:11Z</responseDate><request verb="GetRecord" identifier="oai:ebiltegia.mondragon.edu:20.500.11984/4111" metadataPrefix="marc">https://ebiltegia.mondragon.edu/oai/request</request><GetRecord><record><header><identifier>oai:ebiltegia.mondragon.edu:20.500.11984/4111</identifier><datestamp>2024-01-04T21:56:54Z</datestamp><setSpec>com_20.500.11984_1736</setSpec><setSpec>com_20.500.11984_1627</setSpec><setSpec>col_20.500.11984_1972</setSpec></header><metadata><record xmlns="http://www.loc.gov/MARC21/slim" xmlns:dcterms="http://purl.org/dc/terms/" xmlns:xsi="http://www.w3.org/2001/XMLSchema-instance" xmlns:doc="http://www.lyncode.com/xoai" xsi:schemaLocation="http://www.loc.gov/MARC21/slim http://www.loc.gov/standards/marcxml/schema/MARC21slim.xsd">
   <leader>00925njm 22002777a 4500</leader>
   <datafield ind2=" " ind1=" " tag="042">
      <subfield code="a">dc</subfield>
   </datafield>
   <datafield ind2=" " ind1=" " tag="720">
      <subfield code="a">Mondragon Unibertsitatea</subfield>
      <subfield code="e">author</subfield>
   </datafield>
   <datafield ind2=" " ind1=" " tag="260">
      <subfield code="c">2014-12-21</subfield>
   </datafield>
   <datafield ind2=" " ind1=" " tag="520">
      <subfield code="a">Gabonetako oporrak direla-eta, Mondragon Unibertsitateko Humanitate eta Hezkuntza Zientzien Fakultatea itxita egongo da 2014ko abenduaren 22tik  2015eko urtarrilaren 7ra arte.</subfield>
   </datafield>
   <datafield ind2=" " ind1=" " tag="520">
      <subfield code="a">Del 22 de diciembre de 2014 al 7 de enero de 2015 la Facultad de Humanidades y Ciencias de la Educación de Mondragon Unibertsitatea permanecerá cerrada por vacaciones de Navidad.</subfield>
   </datafield>
   <datafield ind1="8" ind2=" " tag="024">
      <subfield code="a">https://hdl.handle.net/20.500.11984/4111</subfield>
   </datafield>
   <datafield tag="653" ind2=" " ind1=" ">
      <subfield code="a">Humanitate eta Hezkuntza Zientzien Fakultatea</subfield>
   </datafield>
   <datafield ind2="0" ind1="0" tag="245">
      <subfield code="a">Gabonak direla-eta, 2015eko urtarrilaren 7ra arte, itxita egongo da Humanitate eta Hezkuntza Zientzien Fakultatea</subfield>
   </datafield>
   <datafield ind2="0" ind1="0" tag="245">
      <subfield code="a">Hasta el 7 de enero de 2015, la Facultad de Humanidades y Ciencias de la Educación permanecerá cerrada por vacaciones de Navidad</subfield>
   </datafield>
</record></metadata></record></GetRecord></OAI-PMH>